Statistics for All GTA series

Click here to take the quiz!

General Stats

  • This quiz has been taken 307 times
  • The average score is 5 of 9

Answer Stats

HintAnswer% Correct
San Andreas
72%
Grand Theft Auto
70%
Vice City
68%
Grand Theft Auto 2
64%
Grand Theft Auto III
64%
Grand Theft Auto V
58%
Grand Theft Auto IV
51%
Liberty City
48%
Chinatown Wars
26%

Score Distribution

Percentile by Number Answered

Percent of People with Each Score

Your Score History

You have not taken this quiz